000 01130cam a22002651i 4500
003 SA-RiAUC
005 20250518103146.0
008 250515s1967 le a g b 000 0 ara c
040 _aSA-RiAUC
_bara
_cSA-RiAUC
_erda
082 0 4 _a247.9
_qSA-RiAUC
090 _a247.9
_b ك ر م
100 1 _aالكرماني، أحمد بن عبد الله الكرماني،
_d352-توفي بعد 412 هجري
_eمؤلف.
245 1 0 _aراحة العقل /
_cأحمد حميد الدين الكرماني ؛ تقديم وتحقيق مصطفى غالب.
264 1 _aبيروت :
_bدار الأندلس،
_c1967
300 _a591 صفحة :
_bإيضاحيات ؛
_c24 سم
336 _aنص
_btxt
_2rdacontent
_3كتاب
337 _aبدون وسيط
_bn
_2rdamedia
338 _aمجلد
_bnc
_2rdacarrier
504 _aيشتمل على إرجاعات ببليوجرافية.
650 7 _aالإسماعيلية (فرقة إسلامية)
_2aucsh
650 7 _aالفقه الإسلامي
_2aucsh
700 1 _aغالب، مصطفى،
_d1923-1981
_eمقدم.
942 _2ddc
_cBOOK
_n0
949 _aSA-JeALM
_d250515
_umohamedma123
_n1
999 _c8030
_d8030